Top 10 Lebron Teammates - Statistics

General Stats
  • This quiz has been taken 37 times
  • The average score is 8 of 10
Answer Stats
Hint Answer % Correct
This person was part of the big three in Miami (SG) Dwyane Wade
100%
This person hit the games winner in 2016 Finals Kyrie Irving
97%
Other part of the big three in Miami Chris Bosh
91%
This person was recently traded in February, 2025 from the Mavericks. Luka Doncic
91%
This teammate won a championship while Lebron was on the Lakers Anthony Davis
89%
This person played for the Timberwolves before joining the 2016 Cavs as a great shooter. Kevin Love
74%
While this person was on the Lakers, he had 7 triple-doubles Russell Westbrook
69%
This person only played one season with Lebron while he was on the Cavs Shaquille O'Neal
63%
In 2021, it was this players last season in the NBA, helping form the big 3 in LA Carmelo Anthony
51%
This player played with Lebron in his first 7 seasons with the Cavs Zydrunas Ilgauskas
49%
No matching quizzes found
Score Distribution
Percent of People with Each Score
Percentile by Number Answered
Your Score History
You have not taken this quiz